000 00606nam a2200193Ia 4500
005 20260114185616.0
008 008 260114s9999 xx 000 0 eng d
020 _a9781474204828
037 _aEBOOK
040 _aCRL
_beng
_cCRL
041 _aeng
_2eng
084 _qCRL
100 _aDerek Hastings
_9872168
245 0 _aNationalism in Modern Europe Politics, Identity, and Belonging since the French Revolution
260 _bBloomsbury
_c2018
856 _uhttps://doi.org/10.5040/9781474204828?locatt=label:secondary_bloomsburyCollections
942 _cEBOOK
999 _c1471116
_d1471116